Estadísticas para Las Universidades Más Antiguas

Haz click aquí para intentar la prueba.

Estadísticas generales

  • Esta prueba ha sido intentada 88 veces
  • La puntuación promedio es 9 de 25

Estadísticas de respuestas

AñoPaísUniversidad% Correcto
1096InglaterraUniversidad de Oxford
96%
1303ItaliaUniversidad de Roma La Sapienza
89%
1209InglaterraUniversidad de Cambridge
80%
1134EspañaUniversidad de Salamanca
80%
1293EspañaUniversidad Complutense de Madrid
70%
1088ItaliaUniversidad de Bolonia
69%
1224ItaliaUniversidad de Nápoles Federico II
66%
1365AustriaUniversidad de Viena
54%
1404ItaliaUniversidad de Turin
51%
1343ItaliaUniversidad de Pisa
38%
1321ItaliaUniversidad de Florencia
35%
1290PortugalUniversidad de Coímbra
32%
1293EspañaUniversidad de Valladolid
32%
c. 1222ItaliaUniversidad de Padua
30%
1386AlemaniaUniversidad de Heidelberg
18%
1357ItaliaUniversidad de Siena
17%
1308ItaliaUniversidad de Perugia
11%
1348República ChecaUniversidad Carolina
10%
1413EscociaUniversidad de St Andrews
10%
1364PoloniaUniversidad Jagellónica
10%
1409AlemaniaUniversidad de Leipzig
7%
1361ItaliaUniversidad de Pavía
7%
1391ItaliaUniversidad de Ferrara
6%
1290ItaliaUniversidad de Macerata
4%
1419AlemaniaUniversidad de Rostock
4%

Distribución de puntuación

Porcentaje por número respondido

Porcentaje de gente con cada puntuación

Historial de tus puntuaciones

No has intentado esta prueba.